000 nam a22 7a 4500
999 _c15443
_d15443
008 161101b xxu||||| |||| 00| 0 eng d
020 _a0618000429
020 _a9780618000425
050 _aLB 2395.7 .K6 2001
100 _aKo, Susan
245 _aTeaching Online:
_ba practical guide/
_cSusan Ko and Steve Rossen
260 _aBoston:
_bHoughton Mifflin,
_c2001
300 _axvii, 348p. :
_bill. ;
_c2cm
500 _aIncludes index.
650 _aEducation, Higher.
_xComputer assisted instruction.
650 _aWorld wide web.
_xStudy and teaching(Higher).
650 _aInternet in education.
700 _aRossen, Steve
942 _2lcc
_cBOOKS
_hLB 2395.7 .K6 2001